000 01232nam a2200325 a 4500
001 ebr10076734
003 CaPaEBR
006 m u
007 cr cn|||||||||
008 021204s2002 enka sb 001 0 eng c
015 _aGBA2-Y6347
020 _z9781412931441
020 _z0761972757
020 _z0761972765 (pbk.)
040 _aCaPaEBR
_cCaPaEBR
035 _a(OCoLC)70773976
050 1 4 _aLB1620.53.G7
_bC68 2002eb
082 0 4 _a371.4/6
_222
245 0 0 _aCounselling in schools
_h[electronic resource] /
_cRobert Bor ... [et al.].
260 _aLondon ;
_aThousand Oaks, Calif. :
_bSAGE,
_c2002.
300 _a160 p. :
_bill.
504 _aIncludes bibliographical references and index.
533 _aElectronic reproduction.
_bPalo Alto, Calif. :
_cebrary,
_d2013.
_nAvailable via World Wide Web.
_nAccess may be limited to ebrary affiliated libraries.
650 0 _aCounseling in secondary education
_zGreat Britain.
650 0 _aEducational counseling
_zGreat Britain.
655 7 _aElectronic books.
_2local
700 1 _aBor, Robert.
710 2 _aebrary, Inc.
856 4 0 _uhttp://site.ebrary.com/lib/rucke/Doc?id=10076734
_zAn electronic book accessible through the World Wide Web; click to view
999 _c72966
_d72966